Shaping India of our dreams / (Record no. 201970)

MARC details
000 -LEADER
fixed length control field 00567nam a22001817a 4500
005 - DATE AND TIME OF LATEST TRANSACTION
control field 20240408151410.0
010 ## - LCCN (DPL NO)
LC control number B-758622
020 ## - INTERNATIONAL STANDARD BOOK NUMBER
International Standard Book Number 8190164201
Terms of availability 0.00
035 ## - SYSTEM CONTROL NUMBER
System control number B-758622
037 ## - SOURCE OF ACQUISITION
Source of stock number/acquisition Gift/Unesco
082 ## - DEWEY DECIMAL CLASSIFICATION NUMBER
Classification number 954
100 ## - MAIN ENTRY--PERSONAL NAME
Personal name Agrawal, K.C.
245 ## - TITLE STATEMENT
Title Shaping India of our dreams /
Statement of responsibility, etc K.C. Agrawal
260 ## - PUBLICATION, DISTRIBUTION, ETC. (IMPRINT)
Place of publication, distribution, etc New Delhi
Name of publisher, distributor, etc Crusade-India Towards A New Dawn Knowledge Books Lnc.
Date of publication, distribution, etc 2004
270 ## - ADDRESS
Address P.O.Box - 536, Sector - 37, Post Office
City Noida
Postal code 20303
300 ## - PHYSICAL DESCRIPTION
Extent xiii, 402p,:
Dimensions 21cm (pbk)
942 ## - ADDED ENTRY ELEMENTS (KOHA)
Source of classification or shelving scheme Dewey Decimal Classification
Item type English Books
Classification part 954
Call number suffix AGR
Holdings
Withdrawn status Lost status Not for loan Collection code Home library Current library Date acquired Source of acquisition Cost, normal purchase price Full call number Barcode Copy number Cost, replacement price Koha item type Public note
      Non-fiction Central Library Central Library 08/04/2024 Gift/4.4.24 0.00 954 AGR B-758622 1 0.00 English Books Gift

© Delhi Public Library
Hit Counter
free hit counter